[Event "Offenes Qualifikationsturnier"]
[Site "Berlin"]
[Date "2012.04.08"]
[Round "2.5"]
[White "Herrmann, Eberhard"]
[Black "Hintze, Peter"]
[Result "0-1"]
[WhiteElo "1855"]
[BlackElo "2067"]
[PlyCount "136"]
[EventDate "2012.??.??"]
[WhiteTeam "SC Friesen Lichtenberg"]
[BlackTeam "SC Zugzwang 95"]

1. e4 c6 2. Nc3 d5 3. Nf3 dxe4 4. Nxe4 Nd7 5. d4 Ngf6 6. Bd3 Nxe4 7. Bxe4 Nf6
8. Bd3 Bg4 9. Be2 e6 10. Bg5 Be7 11. h3 Bh5 12. O-O O-O 13. c4 Qb6 14. Rb1 Rad8
15. Be3 c5 16. dxc5 Bxc5 17. Bxc5 Qxc5 18. Qc1 Ne4 19. b4 Qc7 20. Rb2 Rd7 21.
Qe3 Bg6 22. Nh4 Qe5 23. Nxg6 hxg6 24. Rc2 Qd4 25. Qxd4 Rxd4 26. Rfc1 Rfd8 27.
a4 Kf8 28. a5 Ke7 29. Rb2 Rd2 30. Rcc2 Rxc2 31. Rxc2 Rd2 32. Rxd2 Nxd2 33. f3
g5 34. Kf2 Nb3 35. Ke3 e5 36. c5 Nd4 37. Bd3 f5 38. a6 bxa6 39. Bxa6 Nc2+ 40.
Kd2 Nxb4 41. Bc4 Nc6 42. Ke3 a5 43. g4 g6 44. Bb3 Nd4 45. Bd5 Ne6 46. c6 Nf4
47. Bg8 a4 48. Kd2 Kd6 49. Kc2 e4 50. gxf5 gxf5 51. fxe4 fxe4 52. Kd2 Ne6 53.
Ke3 Ke5 54. Bf7 a3 55. Bg8 a2 56. c7 Nxc7 57. Bxa2 Nd5+ 58. Kf2 Kd4 59. Ke1 Nf4
60. Bf7 Nxh3 61. Bh5 Nf4 62. Bg4 e3 63. Bf5 Ke5 64. Bc8 Nd5 65. Ke2 Kf4 66. Bd7
Nf6 67. Bc6 g4 68. Ba8 Ne4 0-1

[Event "Offenes Qualifikationsturnier"]
[Site "Berlin"]
[Date "2012.04.08"]
[Round "2.6"]
[White "Hohn, August"]
[Black "Kretzschmar, Jan"]
[Result "1-0"]
[WhiteElo "2046"]
[BlackElo "1808"]
[PlyCount "167"]
[EventDate "2012.??.??"]
[WhiteTeam "SC Zugzwang 95"]
[BlackTeam "SC Kreuzberg"]

1. c4 Nf6 2. Nc3 g6 3. g3 Bg7 4. Bg2 c5 5. Nf3 Nc6 6. d4 cxd4 7. Nxd4 O-O 8.
O-O Nxd4 9. Qxd4 d6 10. Qd2 Rb8 11. b3 Bd7 12. Bb2 Qa5 13. Rfd1 Kh8 14. Nd5
Qxd2 15. Rxd2 Ng8 16. Bd4 Bxd4 17. Rxd4 Kg7 18. Rad1 Rfc8 19. e4 Be6 20. R4d2
Rc5 21. Nf4 Bd7 22. Nd3 Rc7 23. e5 dxe5 24. Nxe5 Be6 25. Bd5 Bxd5 26. Rxd5 Nf6
{(=)} 27. R5d4 a6 28. Kg2 b5 29. h4 h6 30. Kf3 Ne8 31. Rd7 Rbc8 32. c5 f6 33.
Rxc7 Rxc7 34. Nd3 a5 35. a3 Rc6 {(=)} 36. Re1 Kf7 37. b4 a4 38. Nf4 Nc7 39. Rd1
g5 40. hxg5 hxg5 41. Ne2 e5 42. Rd6 Rxd6 43. cxd6 Ne6 44. Ke4 Ke8 45. Kd5 Kd7
46. Nc3 Nd4 47. Ne4 Nc2 48. Nxf6+ Kd8 49. Ne4 Nxa3 50. Nc3 Kd7 51. Kc5 g4 52.
Ne4 Nc4 53. Kd5 a3 54. Nc3 Nxd6 55. Kxe5 Kc6 56. Kf4 Nc4 57. f3 gxf3 58. Kxf3
Ne5+ 59. Ke4 Ng4 60. Kd3 Ne5+ 61. Kc2 Nc4 62. Kb3 Ne3 63. Kxa3 Nc4+ 64. Kb3 Ne5
65. Kc2 Kb6 66. Kd2 Kc6 67. Ke3 Nc4+ 68. Kd4 Na3 69. Nd1 Kd6 70. Ne3 Nb1 71.
Kd3 Na3 72. Kc3 Ke5 73. Kb2 Ke4 74. g4 Kxe3 75. Kxa3 Kf4 76. Kb3 Kxg4 77. Kc3
Kf5 78. Kd4 Ke6 79. Kc5 Kd7 80. Kxb5 Kc8 81. Kc6 Kb8 82. b5 Kc8 83. b6 Kb8 84.
b7 1-0

[Event "Offenes Qualifikationsturnier"]
[Site "Berlin"]
[Date "2012.04.08"]
[Round "2.7"]
[White "Sharenkov, Ilya"]
[Black "Viehweger, Martin"]
[Result "1-0"]
[WhiteElo "1839"]
[BlackElo "2042"]
[PlyCount "35"]
[EventDate "2012.??.??"]
[WhiteTeam "SG Grün-Weiß Baumschulenweg"]
[BlackTeam "SSV Rotation Berlin"]

1. d4 d5 2. c4 Nc6 3. Nc3 e6 4. Nf3 Nf6 5. Bg5 Be7 6. e3 O-O 7. Rc1 a6 8. a3
dxc4 9. Bxc4 Nd7 10. Bxe7 Qxe7 11. Bd3 Nd8 12. Qc2 f5 13. O-O Nf7 14. e4 Ng5 {
(=)} 15. Nxg5 Qxg5 16. Na4 c6 17. Bc4 Nf6 18. Nb6 1-0

[Event "Offenes Qualifikationsturnier"]
[Site "Berlin"]
[Date "2012.04.08"]
[Round "2.8"]
[White "Schildt, Rene"]
[Black "Kersten, Martin"]
[Result "1-0"]
[WhiteElo "2041"]
[BlackElo "1798"]
[PlyCount "83"]
[EventDate "2012.??.??"]
[WhiteTeam "SC Zugzwang 95"]
[BlackTeam "BSG 1827 Eckbauer"]

1. e4 e5 2. f4 exf4 3. Nf3 d5 4. exd5 Nf6 5. c4 c6 6. d4 cxd5 7. c5 Nc6 8. Bxf4
Be7 9. Bd3 Bg4 10. Be2 Qa5+ 11. Qd2 Qd8 12. O-O Ne4 13. Qd1 O-O 14. Kh1 Bf6 15.
Nc3 Bxf3 16. gxf3 Nxc3 17. bxc3 Re8 18. Bd3 Rc8 19. Bf5 Ra8 20. Bc2 Ne7 21. Bd6
Ng6 22. Qd3 Qd7 23. Qf5 Qxf5 24. Bxf5 Re2 25. Rab1 Nh4 26. Bd7 Rc2 27. Rxb7
Rxc3 28. c6 Bd8 29. c7 Bxc7 30. Rxc7 Rxf3 31. Rfc1 h6 32. Bg3 Ng6 33. Bc6 Rd8
34. Rxa7 h5 35. Ra8 Rxa8 36. Bxa8 Rd3 37. Bxd5 Rxd4 38. Rc8+ Kh7 39. Bxf7 h4
40. Rc5 Kh6 41. Rc6 Rg4 42. Bxg6 1-0

[Event "Offenes Qualifikationsturnier"]
[Site "Berlin"]
[Date "2012.04.08"]
[Round "2.9"]
[White "Schilling, Hans"]
[Black "Hoffmann, Peter"]
[Result "1/2-1/2"]
[WhiteElo "1820"]
[BlackElo "2040"]
[PlyCount "43"]
[EventDate "2012.??.??"]
[WhiteTeam "SF Nord-Ost Berlin"]
[BlackTeam "BSG 1827 Eckbauer"]

1. Nf3 Nf6 2. c4 g6 3. b3 Bg7 4. Bb2 O-O 5. g3 d5 6. cxd5 Nxd5 7. Bxg7 Kxg7 8.
Nc3 Nc6 9. Bg2 e5 10. O-O Nxc3 11. dxc3 Bf5 12. Nh4 Be6 13. Qc2 f5 14. Rad1 Qe7
15. Bd5 Rad8 16. Bxe6 Qxe6 17. Rxd8 Rxd8 18. Rd1 Rd6 19. Ng2 Qd7 20. Ne3 f4 21.
Rxd6 Qxd6 22. Nc4 1/2-1/2

[Event "Offenes Qualifikationsturnier"]
[Site "Berlin"]
[Date "2012.04.08"]
[Round "2.10"]
[White "Francke, Joerg"]
[Black "Bieg, Pascal"]
[Result "1-0"]
[WhiteElo "2039"]
[BlackElo "1790"]
[PlyCount "91"]
[EventDate "2012.??.??"]
[WhiteTeam "SC Weisse Dame"]
[BlackTeam "SV Königsjäger Süd-West"]

1. Nf3 Nf6 2. b3 d6 3. d3 g6 4. Nbd2 Bg7 5. Bb2 O-O 6. e4 e5 7. a4 Nc6 8. Be2
Nh5 9. Nc4 Nf4 10. Ne3 Nd4 11. Bf1 f5 12. g3 Nxf3+ 13. Qxf3 fxe4 14. Qxe4 Ne6
15. h4 Nd4 16. Bg2 c6 17. c3 d5 18. Nxd5 cxd5 19. Qxd5+ Qxd5 20. Bxd5+ Ne6 21.
O-O Kh8 22. Rae1 Nc5 23. Ba3 Rd8 24. Bc4 b6 25. Re3 Bf5 26. Rd1 Be6 27. Bxe6
Nxe6 28. d4 Nc7 29. Red3 exd4 30. cxd4 Nd5 31. Rf3 Kg8 32. b4 Re8 33. Kf1 Rac8
34. b5 Rc4 35. a5 Re4 36. axb6 axb6 37. Bd6 Rexd4 38. Ra1 Rc8 39. Ra7 Rc1+ 40.
Kg2 Rdd1 41. Ra8+ Bf8 42. Raxf8+ Kg7 43. R3f7+ Kh6 44. Rh8 g5 45. Rhxh7+ Kg6
46. h5# 1-0

[Event "Offenes Qualifikationsturnier"]
[Site "Berlin"]
[Date "2012.04.08"]
[Round "2.11"]
[White "Skogvall, Martina"]
[Black "Cobanov, Ante"]
[Result "1-0"]
[WhiteElo "2063"]
[BlackElo "1817"]
[PlyCount "115"]
[EventDate "2012.??.??"]
[WhiteTeam "SF Berlin 1903"]
[BlackTeam "SK Kroatische Gemeinde"]

1. e4 e5 2. Bc4 Nf6 3. d3 d6 4. Ne2 Nc6 5. O-O Bd7 6. a3 Bg4 7. Nbc3 Qd7 8. Be3
Be6 9. Nd5 Na5 10. Ba2 Bxd5 11. exd5 b6 12. f4 Ng4 13. Bd2 f6 14. h3 Nh6 15.
Qe1 Nb7 16. Nd4 Nd8 17. f5 Qa4 18. c4 Be7 19. Nb5 Kd7 20. b3 Qa6 21. Qg3 Ndf7
22. Bb1 Rhg8 23. d4 Qb7 24. h4 a6 25. Nc3 b5 26. Ne4 bxc4 27. bxc4 Qb2 28. Bc3
Qb3 29. dxe5 fxe5 30. Qh3 Kd8 31. Bd3 Qa4 32. Rab1 Qd7 33. Rb7 Qc8 34. Rfb1 a5
35. g4 Rh8 36. Bd2 g6 37. g5 Nxf5 38. Nf2 Nd4 39. Qg2 Nf5 40. Qe4 Ke8 41. Bxa5
Bd8 42. Be1 h6 43. c5 hxg5 44. Ng4 gxh4 45. a4 Ng5 46. Qe2 Rg8 47. cxd6 Nxd6
48. Qxe5+ Kf8 49. Qf4+ Ndf7 50. Bb4+ Kg7 51. Bc3+ Kh7 52. Kh2 Qd7 53. Bf6 Qxd5
54. Bc4 Rxa4 55. Bxd8 Nf3+ 56. Kh3 N7g5+ 57. Bxg5 Rxc4 58. Rxc7+ 1-0

[Event "Offenes Qualifikationsturnier"]
[Site "Berlin"]
[Date "2012.04.08"]
[Round "2.12"]
[White "Kostre, Margarita"]
[Black "Jaeger, Andre"]
[Result "0-1"]
[WhiteElo "1789"]
[BlackElo "2001"]
[PlyCount "84"]
[EventDate "2012.??.??"]
[WhiteTeam "Schachpinguine Berlin"]
[BlackTeam "SC Rochade"]

1. e4 c5 2. Nf3 Nc6 3. Nc3 Nf6 4. d4 cxd4 5. Nxd4 e5 6. Ndb5 d6 7. Nd5 Nxd5 8.
exd5 Nb8 9. Bd3 a6 10. Na3 Be7 11. O-O O-O 12. c4 f5 13. b4 e4 14. Bc2 Bf6 15.
Rb1 Nd7 16. Be3 Ne5 17. c5 Ng4 18. Nc4 Be5 19. Nxe5 dxe5 20. Bc1 Qh4 21. h3 Nf6
22. Re1 f4 23. Rb3 f3 24. gxf3 Bxh3 25. Bxe4 Nh5 26. f4 Nxf4 27. Rg3 Rf6 28.
Ree3 Raf8 29. d6 Be6 30. Bg2 Nxg2 31. Rxg2 Rxf2 32. Reg3 Rxg2+ 33. Rxg2 Bh3 34.
Rh2 Qg3+ 35. Kh1 Rf1+ 36. Qxf1 Bxf1 37. d7 Qf3+ 38. Kg1 Qg4+ 39. Kxf1 Qxd7 40.
Rd2 Qh3+ 41. Ke2 e4 42. Rd4 Qf3+ 0-1

[Event "Offenes Qualifikationsturnier"]
[Site "Berlin"]
[Date "2012.04.08"]
[Round "2.13"]
[White "Muenstermann, Claudia"]
[Black "Weiss, Daniel"]
[Result "1/2-1/2"]
[WhiteElo "1792"]
[BlackElo "1459"]
[PlyCount "120"]
[EventDate "2012.??.??"]
[WhiteTeam "SC Weisse Dame"]
[BlackTeam "SF Nord-Ost Berlin"]

1. e4 c5 2. Nf3 d6 3. d4 cxd4 4. Nxd4 Nf6 5. Nc3 a6 6. f3 e6 7. Be3 Be7 8. Qd2
Nc6 9. O-O-O Qc7 10. g4 b5 11. g5 Nd7 12. f4 Bb7 13. f5 Nxd4 14. Qxd4 Qc5 15.
Qd2 Qc7 16. Bh3 b4 17. Ne2 Bxe4 18. Rhf1 Qa5 19. fxe6 Ne5 20. exf7+ Nxf7 21.
Be6 Nxg5 22. Bxg5 Bxg5 23. Nf4 Qe5 24. Qxd6 Qxd6 25. Rxd6 Rf8 26. Bd7+ Kf7 27.
Kb1 Kg8 28. Rd4 Bg6 29. Be6+ Kh8 30. Nxg6+ hxg6 31. Rfd1 Rf4 32. h3 Rxd4 33.
Rxd4 Rf8 34. Rd1 Kh7 35. c3 bxc3 36. bxc3 Rb8+ 37. Kc2 Rb6 38. Bb3 Bf6 39. c4
Kh6 40. Rd5 g5 41. Kd3 Bb2 42. c5 Rf6 43. Rd6 Ba3 44. Rxf6+ gxf6 45. c6 Bd6 46.
Be6 Kg7 47. a4 Kf8 48. Bc4 a5 49. Be6 Ke7 50. Bf5 Bc7 51. Kd4 Kd6 52. Bd7 Bb6+
53. Kc4 f5 54. Kb5 Bc7 55. Bxf5 Bd8 56. Bd7 Bc7 57. Ka6 Bd8 58. Kb7 Bc7 59. Bg4
Bd8 60. Kc8 Bb6 1/2-1/2

[Event "Offenes Qualifikationsturnier"]
[Site "Berlin"]
[Date "2012.04.08"]
[Round "2.14"]
[White "Mahler, Sonja"]
[Black "Sebastian, Martin"]
[Result "0-1"]
[WhiteElo "1635"]
[BlackElo "2011"]
[PlyCount "64"]
[EventDate "2012.??.??"]
[WhiteTeam "SC Kreuzberg"]
[BlackTeam "TSG Rot-Weiß Fredersdorf/V."]

1. d4 Nf6 2. Bf4 e6 3. e3 d5 4. a3 Bd6 5. Bg5 h6 6. Bh4 c5 7. dxc5 Bxc5 8. b4
Bd6 9. Nf3 O-O 10. Be2 Bd7 11. Nc3 Nc6 12. Rc1 Rc8 13. Nb1 Qe7 14. c4 dxc4 15.
Bxf6 gxf6 16. Rxc4 Rfd8 17. Rh4 Qf8 18. Nbd2 f5 19. h3 Be7 20. Rh5 Be8 21. Bc4
Nxb4 22. Qb1 Rxc4 23. g4 Nd3+ 24. Ke2 Rc5 25. gxf5 Rxf5 26. Rg1+ Kh8 27. Rxf5
exf5 28. Nd4 Rxd4 29. exd4 Nf4+ 30. Ke1 Bg5 31. Qxf5 Qe7+ 32. Ne4 Bd7 0-1

[Event "Offenes Qualifikationsturnier"]
[Site "Berlin"]
[Date "2012.04.08"]
[Round "2.15"]
[White "Gebigke, Lena"]
[Black "Heldt, Ronny"]
[Result "0-1"]
[WhiteElo "1444"]
[BlackElo "1757"]
[PlyCount "56"]
[EventDate "2012.??.??"]
[WhiteTeam "SV Berolina Mitte"]
[BlackTeam "SC Kreuzberg"]

1. d4 e6 2. Nf3 f5 3. g3 Nf6 4. Bg2 Nc6 5. c4 Bb4+ 6. Bd2 d6 7. O-O Bxd2 8.
Nbxd2 O-O 9. a3 a5 10. Qc2 a4 11. e4 fxe4 12. Nxe4 Nxe4 13. Qxe4 d5 14. Qc2 Qf6
15. Rad1 Bd7 16. cxd5 exd5 17. Qc3 Bg4 18. Rd3 Rae8 19. Qc5 Qf5 20. Re3 Rxe3
21. fxe3 Qh5 22. Nh4 Rxf1+ 23. Kxf1 Be2+ 24. Kg1 Bc4 25. Bf3 Qf7 26. h3 Qe6 27.
Kf2 b6 28. Bg4 Qf6+ 0-1

[Event "Offenes Qualifikationsturnier"]
[Site "Berlin"]
[Date "2012.04.08"]
[Round "2.17"]
[White "Graul, Dieter"]
[Black "Schmidt, Juergen"]
[Result "1/2-1/2"]
[WhiteElo "1802"]
[BlackElo "2035"]
[PlyCount "38"]
[EventDate "2012.??.??"]
[WhiteTeam "SV Turbine Berlin"]
[BlackTeam "SC Kreuzberg"]

1. d4 d5 2. c4 c6 3. cxd5 cxd5 4. Nf3 Nc6 5. Nc3 Nf6 6. Bf4 e6 7. e3 Bd6 8. Bg3
a6 9. Rc1 O-O 10. Bd3 Re8 11. O-O Bxg3 12. hxg3 e5 13. dxe5 Nxe5 14. Be2 Nc6
15. Nd4 Ne5 16. Nf3 Ng6 17. Nd4 Ne5 18. Nf3 Nc6 19. Nd4 Ne5 1/2-1/2

[Event "Offenes Qualifikationsturnier"]
[Site "Berlin"]
[Date "2012.04.08"]
[Round "2.18"]
[White "Konrad, Erhard"]
[Black "Duric, Rajko"]
[Result "1/2-1/2"]
[WhiteElo "2012"]
[BlackElo "1789"]
[PlyCount "50"]
[EventDate "2012.??.??"]
[WhiteTeam "SG Lasker Steglitz-Wilmersdorf"]
[BlackTeam "SC Kreuzberg"]

1. Nf3 Nf6 2. g3 b6 3. Bg2 Bb7 4. O-O d6 5. d3 e5 6. e4 Be7 7. c4 O-O 8. Nc3 c6
9. Qe2 h6 10. Nh4 Bc8 11. h3 Nh7 12. Nf5 Bg5 13. f4 exf4 14. gxf4 Bf6 15. Ne3
Bd4 16. Bd2 a6 17. Kh1 Ra7 18. Nc2 Bf6 19. Rg1 Re7 20. Qf2 Ree8 21. Be3 c5 22.
Nd5 Bh4 23. Qf3 Nf6 24. Bf2 Nxd5 25. cxd5 Bxf2 1/2-1/2

[Event "Offenes Qualifikationsturnier"]
[Site "Berlin"]
[Date "2012.04.08"]
[Round "2.19"]
[White "Krefenstein, Sergej"]
[Black "Engers, Felix"]
[Result "1-0"]
[WhiteElo "2006"]
[BlackElo "1785"]
[PlyCount "74"]
[EventDate "2012.??.??"]
[WhiteTeam "TuS Makkabi Berlin"]
[BlackTeam "SC Zitadelle Spandau 1977"]

1. d4 Nf6 2. Nf3 d5 3. e3 c6 4. Bd3 Bg4 5. O-O Nbd7 6. b3 e6 7. Bb2 Ne4 8. Nbd2
Nxd2 9. Qxd2 Bxf3 10. gxf3 Qg5+ 11. Kh1 Bd6 12. f4 Qh6 13. Rg1 Nf6 14. f3 Qh5
15. Qf2 Rg8 16. Rg5 Qh6 17. Rag1 O-O-O 18. Bc1 g6 19. e4 Nh5 20. e5 Be7 21.
R5g4 f5 22. exf6 Nxf6 23. Qe2 Nxg4 24. Qxe6+ Kb8 25. fxg4 Bd6 26. g5 Qh4 27.
Qe1 Qxe1 28. Rxe1 Rde8 29. Rf1 Rgf8 30. Kg2 Re7 31. Kg3 Ref7 32. Kg4 Kc7 33. h4
Kd8 34. f5 gxf5+ 35. Bxf5 h5+ 36. gxh6 Rh8 37. h5 Rg8+ {ZUe Schwarz} 1-0

[Event "Offenes Qualifikationsturnier"]
[Site "Berlin"]
[Date "2012.04.08"]
[Round "2.20"]
[White "Di Sauro, Marco"]
[Black "Penner, Markus"]
[Result "0-1"]
[WhiteElo "1786"]
[BlackElo "1964"]
[PlyCount "76"]
[EventDate "2012.??.??"]
[WhiteTeam "- ohne Verein -"]
[BlackTeam "SK Zehlendorf"]

1. Nf3 Nf6 2. g3 g6 3. Bg2 Bg7 4. O-O O-O 5. d3 d6 6. e4 c5 7. c3 Nc6 8. Nbd2
Rb8 9. a4 a6 10. Re1 b5 11. axb5 axb5 12. Rb1 b4 13. Qc2 Nd7 14. c4 Nde5 15. b3
Bg4 16. Bb2 Bxf3 17. Bxf3 Nd4 18. Bxd4 cxd4 19. Bg2 Ra8 20. Ra1 Qb6 21. h3 Ra5
22. f4 Nd7 23. Qb2 Rfa8 24. Bf1 Nc5 25. Rxa5 Qxa5 26. Rb1 Qa2 27. Kf2 Qxb2 28.
Rxb2 Ra1 29. Ke2 Rc1 30. Nb1 Nxe4 31. Kf3 Rxb1 32. Rxb1 Nd2+ 33. Ke2 Nxb1 34.
Bg2 e5 35. fxe5 Bxe5 36. g4 Bf4 37. Kf3 Be3 38. Ke2 Nd2 0-1

[Event "Offenes Qualifikationsturnier"]
[Site "Berlin"]
[Date "2012.04.09"]
[Round "3.1"]
[White "Schnabel, Ralf"]
[Black "Tscheuschner, Georg"]
[Result "1-0"]
[WhiteElo "2215"]
[BlackElo "1942"]
[PlyCount "107"]
[EventDate "2012.??.??"]
[WhiteTeam "ESV Nickelhütte Aue"]
[BlackTeam "SG Grün-Weiß Baumschulenweg"]

1. e4 c5 2. Nf3 d6 3. d4 cxd4 4. Nxd4 Nf6 5. Nc3 a6 6. Be2 e6 7. O-O Be7 8. f4
Qc7 9. Kh1 O-O 10. Qe1 b5 11. a3 Bb7 12. Bd3 Nc6 13. Be3 Nxd4 14. Bxd4 e5 15.
fxe5 dxe5 16. Qg3 Nd7 17. Rf5 Rac8 18. Be3 Qd6 19. Raf1 f6 20. Rh5 Rf7 21. a4
Rxc3 22. bxc3 Nc5 23. Bxc5 Qxc5 24. axb5 axb5 25. Qf2 Qxf2 26. Rxf2 Bc8 27.
Bxb5 Be6 28. Be2 Bc5 29. Rf1 Rd7 30. Rd1 Rxd1+ 31. Bxd1 g6 32. Rh4 Bf2 33. g3
Be1 34. Kg2 Bxc3 35. g4 Bd4 36. Rh3 f5 37. gxf5 gxf5 38. Rg3+ Kf7 39. c3 Bc5
40. exf5 Bd5+ {(=)} 41. Kf1 Kf6 42. Rh3 Kxf5 43. Rxh7 Kf4 44. Be2 Kg5 45. h4+
Kf4 46. h5 Be4 47. Rg7 Ke3 48. Rg8 Bf5 49. Ke1 Kf4 50. h6 e4 51. Bh5 Be7 52.
Ke2 Be6 53. h7 Bc4+ 54. Kd1 1-0

[Event "Offenes Qualifikationsturnier"]
[Site "Berlin"]
[Date "2012.04.09"]
[Round "3.2"]
[White "Baranowsky, Peter"]
[Black "Welz, Peter"]
[Result "1-0"]
[WhiteElo "1954"]
[BlackElo "2147"]
[PlyCount "37"]
[EventDate "2012.??.??"]
[WhiteTeam "SF Berlin 1903"]
[BlackTeam "SV Empor Berlin"]

1. e4 e6 2. d4 d5 3. e5 c5 4. c3 Nc6 5. Nf3 Qb6 6. Be2 Nh6 7. Bxh6 Qxb2 8. Be3
Qxa1 9. Qc2 a5 10. O-O Nb4 11. Bb5+ Bd7 12. Bxd7+ Kxd7 13. Qa4+ Nc6 14. Qb3 Nb4
15. Qa4+ Nc6 16. Qb3 Nb4 17. cxb4 axb4 18. dxc5 Rxa2 19. Bd4 1-0

[Event "Offenes Qualifikationsturnier"]
[Site "Berlin"]
[Date "2012.04.09"]
[Round "3.4"]
[White "Batzaya, Ayush"]
[Black "Hahlbohm, Matthias"]
[Result "1-0"]
[WhiteElo "1936"]
[BlackElo "2075"]
[PlyCount "95"]
[EventDate "2012.??.??"]
[WhiteTeam "SV Berolina Mitte"]
[BlackTeam "TSG Oberschöneweide"]

1. e4 c5 2. Nf3 d6 3. c3 Nf6 4. h3 Nc6 5. d3 e5 6. Be2 h6 7. O-O Be7 8. Nh2 d5
9. Qc2 O-O 10. Nd2 Be6 11. Ndf3 Rc8 12. Re1 b5 13. exd5 Nxd5 14. Bf1 Qd6 15.
Qe2 Bf6 16. Ng4 Bxg4 17. hxg4 Qd8 18. Qe4 Re8 19. c4 Ndb4 20. cxb5 Nc2 21. bxc6
Nxa1 22. Qe2 Qa5 23. b3 e4 24. dxe4 Qc3 25. Bd2 Qb2 26. Qa6 Nc2 27. Re2 Nd4 28.
Nxd4 Qxd4 29. Be3 Qd6 30. Qxa7 Qxc6 31. Rc2 Qxe4 32. Rxc5 Ra8 33. Qd7 Red8 34.
Qc6 Qb1 35. Rc1 Qxa2 36. Bc4 Qb2 37. Qb7 Ra1 38. Qxf7+ Kh8 39. Rxa1 Qxa1+ 40.
Kh2 Qe5+ 41. g3 Qe7 42. Qg6 Qe8 43. Qf5 Qd7 44. Qg6 Qd6 45. Bxh6 Bd4 46. Be6
Qf8 47. Bf4 Qe8 48. Bf7 1-0

[Event "Offenes Qualifikationsturnier"]
[Site "Berlin"]
[Date "2012.04.09"]
[Round "3.5"]
[White "Hintze, Peter"]
[Black "Heerde, Thomas"]
[Result "1-0"]
[WhiteElo "2067"]
[BlackElo "1927"]
[PlyCount "133"]
[EventDate "2012.??.??"]
[WhiteTeam "SC Zugzwang 95"]
[BlackTeam "SC Weisse Dame"]

1. e4 d5 2. exd5 Qxd5 3. Nc3 Qa5 4. d4 Nf6 5. Nf3 c6 6. Bc4 Bg4 7. Bd2 e6 8. d5
Qc5 9. dxc6 Nxc6 10. Bb5 Rd8 11. Qe2 Qf5 12. O-O-O Bc5 13. h3 Bxf3 14. gxf3 O-O
15. Bxc6 bxc6 16. Rhg1 Nh5 17. Rg4 f6 18. Re1 Rfe8 19. Re4 Kf7 20. Rc4 Rd4 21.
Ne4 Nf4 22. Qf1 Rxc4 23. Qxc4 Be7 24. Qxc6 Ng2 25. Rd1 Nh4 26. Qb7 Qd5 27. Qxd5
exd5 28. Nc3 d4 29. Nb5 Nxf3 30. Nxa7 Ra8 31. Nb5 Rxa2 32. Kb1 Ra6 33. Bf4 g5
34. Bg3 Bc5 35. Rd3 Ne5 36. Bxe5 fxe5 37. Rf3+ Kg6 38. Nc7 Rf6 39. Rxf6+ Kxf6
40. Kc1 Kf5 41. Kd1 h5 42. Ke2 e4 43. Nb5 Kf4 44. b4 d3+ 45. cxd3 exd3+ 46.
Kxd3 Bxf2 47. Ke2 Bb6 48. Nc3 Bd4 49. Kd3 Be5 50. Ne4 Bc7 51. b5 Bb6 52. Nf6 h4
53. Nd5+ Kg3 (53... Kf3 54. Nxb6 g4) 54. Nxb6 g4 55. Nc4 gxh3 56. Ne3 Kf3 57.
Nf1 Kf2 58. Nh2 Kg2 59. b6 Kxh2 60. b7 Kg2 61. b8=Q h2 62. Qg8+ Kh1 (62... Kf2
63. Qf7+ Kg2 64. Qg6+ Kf2 65. Qf5+ Kg2 66. Ke3 h1=Q 67. Qg4+ Kf1 (67... Kh2 68.
Kf2) 68. Qe2+ Kg1 69. Qf2#) 63. Ke2 h3 64. Qd5+ Kg1 65. Qd1+ Kg2 66. Qf1+ Kg3
67. Qh1 1-0

[Event "Offenes Qualifikationsturnier"]
[Site "Berlin"]
[Date "2012.04.09"]
[Round "3.6"]
[White "Fartmann, Oliver"]
[Black "Hohn, August"]
[Result "1-0"]
[WhiteElo "1903"]
[BlackElo "2046"]
[PlyCount "79"]
[EventDate "2012.??.??"]
[WhiteTeam "SG Grün-Weiß Baumschulenweg"]
[BlackTeam "SC Zugzwang 95"]

1. c4 e5 2. g3 Nf6 3. Bg2 d5 4. cxd5 Nxd5 5. Nc3 Nb6 6. Nf3 Nc6 7. a3 Be7 8. b4
Be6 9. Rb1 a6 10. a4 f6 11. b5 axb5 12. axb5 Nb4 13. O-O O-O 14. d4 N4d5 15.
Nxd5 Nxd5 16. Qc2 Nb4 {(=)} 17. Qe4 Bd5 18. Qg4 f5 19. Qh5 Bxf3 20. Qxf3 e4 21.
Qb3+ Qd5 22. Ba3 Qxb3 23. Rxb3 Nd5 24. Bxe7 Nxe7 25. Rc1 Nd5 26. f3 Ra4 27.
fxe4 fxe4 28. Bxe4 Rxd4 29. Bxd5+ Rxd5 30. Rxc7 Re8 31. e3 Rd2 32. Rbc3 Rb2 33.
Rc8 Kf8 34. R3c4 g5 35. R4c5 Rxc8 36. Rxc8+ Ke7 37. Rc7+ Kf6 38. Rxb7 g4 39. b6
Kf5 40. Rb8 1-0

[Event "Offenes Qualifikationsturnier"]
[Site "Berlin"]
[Date "2012.04.09"]
[Round "3.8"]
[White "Inngauer, Wolfram"]
[Black "Francke, Joerg"]
[Result "1-0"]
[WhiteElo "1886"]
[BlackElo "2039"]
[PlyCount "83"]
[EventDate "2012.??.??"]
[WhiteTeam "CFC Hertha 06"]
[BlackTeam "SC Weisse Dame"]

1. c4 d6 2. d4 f5 3. Nc3 Nf6 4. Bg5 c6 5. e3 e6 6. Bd3 Be7 7. Nf3 O-O 8. O-O
Na6 9. a3 Qe8 10. Qe2 Nc7 11. e4 fxe4 12. Nxe4 Nxe4 13. Qxe4 g6 14. Bh6 Rf5 15.
g4 Rf7 16. h4 Bf8 17. Bd2 Bd7 18. Kg2 Bg7 19. Ng5 d5 20. Qe3 Re7 21. Bb4 e5 22.
Bxe7 Qxe7 23. dxe5 Bxg4 24. f4 Ne6 25. cxd5 cxd5 26. Nxe6 Qxe6 27. Be2 d4 28.
Bxg4 Qxg4+ 29. Qg3 Qf5 30. Rac1 Rf8 31. Rf3 Bh6 32. Rcf1 Qe4 33. Kh3 Bg7 34.
Re1 Qf5+ 35. Kh2 Bh6 36. Ref1 Rc8 37. R3f2 Rc6 38. Qb3+ Kh8 39. Qxb7 Bxf4+ 40.
Rxf4 Rc2+ 41. Kg3 Qxe5 42. Qa8+ 1-0

[Event "Offenes Qualifikationsturnier"]
[Site "Berlin"]
[Date "2012.04.09"]
[Round "3.9"]
[White "Hoermann, David"]
[Black "Krefenstein, Sergej"]
[Result "0-1"]
[WhiteElo "1684"]
[BlackElo "2006"]
[PlyCount "54"]
[EventDate "2012.??.??"]
[WhiteTeam "SC Weisse Dame"]
[BlackTeam "TuS Makkabi Berlin"]

1. d4 Nf6 2. Nf3 g6 3. c4 c5 4. e3 Bg7 5. Nc3 O-O 6. Be2 cxd4 7. exd4 d5 8. O-O
Nc6 9. Ne5 Be6 10. Be3 Rc8 11. Nd3 Bf5 12. c5 Ne4 13. Nf4 e5 14. Nxe4 exf4 15.
Nd6 fxe3 16. fxe3 Qg5 17. Rf3 Rb8 18. Nxf5 gxf5 19. Rg3 Qf6 20. a3 Kh8 21. Bd3
Rg8 22. Qh5 Ne7 23. Rf1 Bh6 24. Rh3 Rg6 25. Rf4 Rbg8 26. g3 R8g7 27. Qf3 Bxf4
0-1

[Event "Offenes Qualifikationsturnier"]
[Site "Berlin"]
[Date "2012.04.09"]
[Round "3.10"]
[White "Jaeger, Andre"]
[Black "Stoeckel, Johannes"]
[Result "1/2-1/2"]
[WhiteElo "2001"]
[BlackElo "1899"]
[PlyCount "48"]
[EventDate "2012.??.??"]
[WhiteTeam "SC Rochade"]
[BlackTeam "SC Weisse Dame"]

1. d4 Nf6 2. c4 g6 3. g3 Bg7 4. Bg2 d5 5. cxd5 Nxd5 6. e4 Nb6 7. Ne2 O-O 8. O-O
Bg4 9. Nbc3 e5 10. d5 c6 11. h3 Bd7 12. Qb3 Na6 13. Be3 c5 14. a4 c4 15. Bxb6
cxb3 16. Bxd8 Rfxd8 17. Nc1 Nc5 18. Ra3 Bf8 19. Nxb3 Nd3 20. Ra2 Rac8 21. Nc1
Nxb2 22. Rxb2 Rxc3 23. Rxb7 a5 24. Nb3 Bb4 1/2-1/2

[Event "Offenes Qualifikationsturnier"]
[Site "Berlin"]
[Date "2012.04.09"]
[Round "3.11"]
[White "Bader, Arnd"]
[Black "Skogvall, Martina"]
[Result "1/2-1/2"]
[WhiteElo "1930"]
[BlackElo "2063"]
[PlyCount "37"]
[EventDate "2012.??.??"]
[WhiteTeam "SF Berlin 1903"]
[BlackTeam "SF Berlin 1903"]

1. d4 d5 2. c4 e6 3. Nc3 Nf6 4. Nf3 Nbd7 5. Qc2 Be7 6. e3 a6 7. g4 dxc4 8. Bxc4
b5 9. Be2 Bb7 10. g5 Nd5 11. Nxd5 Bxd5 12. e4 Bb7 13. Be3 Rc8 14. Rd1 Bb4+ 15.
Kf1 O-O 16. a3 Bd6 17. b4 Nb6 18. Ne5 Be7 19. h4 1/2-1/2

[Event "Offenes Qualifikationsturnier"]
[Site "Berlin"]
[Date "2012.04.09"]
[Round "3.12"]
[White "Wierzbicki, Jirawat"]
[Black "Muenstermann, Claudia"]
[Result "1/2-1/2"]
[WhiteElo "1501"]
[BlackElo "1792"]
[PlyCount "51"]
[EventDate "2012.??.??"]
[WhiteTeam "TuS Makkabi Berlin"]
[BlackTeam "SC Weisse Dame"]

1. e4 e5 2. Nf3 Nc6 3. Bc4 Bc5 4. O-O Nf6 5. d3 h6 6. h3 O-O 7. Re1 d6 8. a4 a6
9. Nbd2 Ba7 10. Nf1 Re8 11. c3 Be6 12. Bb3 d5 13. exd5 Bxd5 14. Bxd5 Qxd5 15.
Be3 Bxe3 16. Nxe3 Qd7 17. Nc4 e4 18. dxe4 Qxd1 19. Raxd1 Nxe4 20. Rd7 Rac8 21.
Nh2 Nf6 22. Rxe8+ Nxe8 23. Nf3 Nf6 24. Rd2 Re8 25. Kf1 Kf8 26. Ne3 1/2-1/2